[Event "Barbera del Valles op 47th"]
[Site "Barbera del Valles"]
[Date "2025.07.10"]
[Round "7"]
[White "Diaz Perez, Michel Alejandro"]
[Black "Bogdanov, Artyom"]
[Result "1-0"]
[WhiteElo "2459"]
[BlackElo "2360"]
[PlyCount "85"]
[EventDate "2025.07.04"]
[EventType "swiss"]
[EventRounds "8"]
[EventCountry "ESP"]
[SourceTitle "CB29_2025"]
[SourceDate "2025.07.16"]
[SourceVersion "1"]
[SourceVersionDate "2025.07.16"]
[SourceQuality "1"]

1. d4 Nf6 2. c4 e6 3. Nf3 d5 4. Nc3 Bb4 5. cxd5 exd5 6. Bg5 h6 7. Bh4 0-0 8. e3 Bf5 9. Be2 Nbd7 10. Qb3 Qe7 11. a3 Bxc3+ 12. Qxc3 c6 13. Nd2 Rfe8 14. 0-0 Nf8 15. a4 Ng6 16. Bg3 a5 17. Rfe1 Ne4 18. Nxe4 Bxe4 19. Qb3 Bf5 20. Rac1 Nf8 21. Bf1 Ne6 22. f3 Bg6 23. Qb6 Red8 24. Bf2 Rd7 25. h4 Qd6 26. Qb3 Qe7 27. Qc3 Qd6 28. b3 Rdd8 29. Rcd1 c5 30. dxc5 Qxc5 31. Qxc5 Nxc5 32. e4 b6 33. Rxd5 Rxd5 34. exd5 Rd8 35. Bc4 f6 36. Bg3 Rd7 37. d6+ Bf7 38. Bb5 Rb7 39. Bc6 Ra7 40. Re7 Ra6 41. d7 Nxd7 42. Rxd7 Bxb3 43. Bb7 1-0

[Event "Barbera del Valles op 47th"]
[Site "Barbera del Valles"]
[Date "2025.07.06"]
[Round "3"]
[White "Badrinath, S."]
[Black "Bogdanov, Artyom"]
[Result "1-0"]
[WhiteElo "2057"]
[BlackElo "2360"]
[PlyCount "55"]
[EventDate "2025.07.04"]
[EventType "swiss"]
[EventRounds "8"]
[EventCountry "ESP"]
[SourceTitle "CB29_2025"]
[SourceDate "2025.07.16"]
[SourceVersion "1"]
[SourceVersionDate "2025.07.16"]
[SourceQuality "1"]

1. e4 e5 2. Nf3 Nc6 3. Bc4 Nf6 4. d3 Bc5 5. Nc3 a6 6. Bg5 h6 7. Bxf6 Qxf6 8. Nd5 Qd8 9. c3 d6 10. d4 exd4 11. cxd4 Ba7 12. h3 0-0 13. 0-0 Nb8 14. Rc1 c6 15. Nf4 Nd7 16. Re1 b5 17. Bb3 Bb7 18. e5 dxe5 19. Ng6 exd4 20. Nxf8 Qxf8 21. Nxd4 Rd8 22. Nf5 Nc5 23. Qg4 Nxb3 24. axb3 Rd2 25. Re8 Bxf2+ 26. Kf1 g6 27. Rxf8+ Kxf8 28. Nd6 1-0

[Event "Munich Whitsun op-A 3rd"]
[Site "Munich"]
[Date "2025.06.14"]
[Round "9"]
[White "Rosh, Jain"]
[Black "Bogdanov, Artyom"]
[Result "1/2-1/2"]
[WhiteElo "2299"]
[BlackElo "2370"]
[PlyCount "61"]
[EventDate "2025.06.08"]
[EventType "swiss"]
[EventRounds "9"]
[EventCountry "GER"]
[SourceTitle "CB26_2025"]
[SourceDate "2025.06.25"]
[SourceVersion "1"]
[SourceVersionDate "2025.06.25"]
[SourceQuality "1"]

1. e4 e5 2. Nf3 Nc6 3. Bb5 Nf6 4. 0-0 Nxe4 5. Re1 Nd6 6. Nxe5 Be7 7. Bf1 Nf5 8. c3 Nxe5 9. Rxe5 d6 10. Re1 0-0 11. d4 d5 12. Bf4 Bd6 13. Be5 c6 14. Bd3 Re8 15. Nd2 f6 16. Bxd6 Rxe1+ 17. Qxe1 Nxd6 18. Qe2 Qe8 19. Qf3 Bd7 20. Kf1 Qf8 21. Re1 Re8 22. Re2 Rxe2 23. Qxe2 Qe8 24. Qxe8+ Bxe8 25. Ke2 Bg6 26. Bxg6 hxg6 27. Kd3 Kf7 28. Ke2 Ke6 29. f3 Kf5 30. Ke3 Ke6 31. Ke2 1/2-1/2

[Event "Rosenheim IM-A"]
[Site "Rosenheim"]
[Date "2025.05.29"]
[Round "6"]
[White "Bogdanov, Artyom"]
[Black "Atoyan, Alberto"]
[Result "1-0"]
[WhiteElo "2370"]
[BlackElo "2266"]
[PlyCount "75"]
[EventDate "2025.05.25"]
[EventType "tourn"]
[EventRounds "9"]
[EventCountry "GER"]
[SourceTitle "CB23_2025"]
[SourceDate "2025.06.04"]
[SourceVersion "1"]
[SourceVersionDate "2025.06.04"]
[SourceQuality "1"]

1. e4 c5 2. Nf3 d6 3. d4 cxd4 4. Nxd4 Nf6 5. Nc3 a6 6. Bg5 Nbd7 7. f4 Qc7 8. Qf3 h6 9. Bxf6 Nxf6 10. f5 Qc5 11. 0-0-0 g5 12. fxg6 Bg4 13. gxf7+ Kxf7 14. Qd3 Bxd1 15. Nxd1 Bg7 16. Qb3+ d5 17. Nf5 Nxe4 18. Bd3 Nf6 19. Re1 Rhe8 20. Nh4 Kg8 21. Bg6 e6 22. Qxb7 Qe7 23. Qxe7 Rxe7 24. Nf5 Rd7 25. Rxe6 d4 26. Nf2 a5 27. Nd3 Nd5 28. Nxg7 Rxg7 29. Be4 Rd8 30. Rxh6 Ne3 31. Nf4 Re8 32. Bd3 Rc8 33. b3 Nxg2 34. Ne6 Re7 35. Nxd4 Ne3 36. Kd2 Rd8 37. Nc6 Nf1+ 38. Kc3 1-0

[Event "Rosenheim IM-A"]
[Site "Rosenheim"]
[Date "2025.05.27"]
[Round "3"]
[White "Nestorovic, Nikola"]
[Black "Bogdanov, Artyom"]
[Result "1-0"]
[WhiteElo "2449"]
[BlackElo "2370"]
[PlyCount "117"]
[EventDate "2025.05.25"]
[EventType "tourn"]
[EventRounds "9"]
[EventCountry "GER"]
[SourceTitle "CB23_2025"]
[SourceDate "2025.06.04"]
[SourceVersion "1"]
[SourceVersionDate "2025.06.04"]
[SourceQuality "1"]

1. e4 e5 2. Nf3 Nc6 3. Bb5 a6 4. Ba4 Nf6 5. 0-0 b5 6. Bb3 Bc5 7. Nc3 0-0 8. a4 Rb8 9. axb5 axb5 10. Nd5 Nxe4 11. d3 Nf6 12. Bg5 Be7 13. Nxe7+ Qxe7 14. Re1 d6 15. d4 Bg4 16. c3 h6 17. Bh4 g5 18. Bg3 e4 19. Qd2 Bf5 20. Nxg5 Nh5 21. Nxe4 Bxe4 22. Qxh6 Nxg3 23. hxg3 Rfe8 24. f3 Qf8 25. Qxf8+ Kxf8 26. fxe4 Re7 27. Bd5 Nd8 28. b4 c6 29. Bb3 c5 30. Ra6 cxb4 31. cxb4 Rc8 32. Rxd6 Nc6 33. Rc1 Rec7 34. Rd5 Nxb4 35. Rxc7 Rxc7 36. Rxb5 Nd3 37. Rf5 Rd7 38. Bd5 Nb4 39. Bb3 Rxd4 40. Rxf7+ Ke8 41. e5 Nd3 42. e6 Nc5 43. Ba2 Re4 44. Rf4 Re5 45. g4 Nxe6 46. Bxe6 Rxe6 47. Kf2 Ke7 48. Kg3 Re3+ 49. Rf3 Re5 50. Rf5 Re2 51. g5 Ke6 52. Rf3 Ra2 53. Kh3 Ke5 54. g3 Ra4 55. Rf4 Ra3 56. Kg4 Ke6 57. g6 Ra7 58. Kg5 Kd5 59. Kf5 1-0

[Event "Rosenheim IM-A"]
[Site "Rosenheim"]
[Date "2025.05.26"]
[Round "2"]
[White "Bogdanov, Artyom"]
[Black "Platzgummer, Fabian"]
[Result "0-1"]
[WhiteElo "2370"]
[BlackElo "2295"]
[PlyCount "130"]
[EventDate "2025.05.25"]
[EventType "tourn"]
[EventRounds "9"]
[EventCountry "GER"]
[SourceTitle "CB23_2025"]
[SourceDate "2025.06.04"]
[SourceVersion "1"]
[SourceVersionDate "2025.06.04"]
[SourceQuality "1"]

1. e4 c6 2. Nf3 d5 3. Nc3 a6 4. d4 Bg4 5. h3 Bh5 6. exd5 cxd5 7. g4 Bg6 8. h4 Nc6 9. h5 Be4 10. Be3 Bxf3 11. Qxf3 e6 12. 0-0-0 Bb4 13. Ne2 Nf6 14. Ng3 h6 15. g5 hxg5 16. Bxg5 Be7 17. Kb1 Ng8 18. Be3 Bf6 19. c4 Qa5 20. cxd5 Qxd5 21. Bg2 Nb4 22. Qxd5 Nxd5 23. Bc1 0-0-0 24. Ne4 Be7 25. Bf3 Nh6 26. Rhg1 Nf5 27. Bg4 Nd6 28. Nc5 Nf6 29. Bg5 Nb5 30. Nb3 Nd5 31. Bf3 Bf6 32. Bxf6 gxf6 33. Rg7 Nd6 34. Nc5 Nf4 35. Ne4 Nxe4 36. Bxe4 Rd7 37. Bf3 Nxh5 38. Rg4 Rhd8 39. d5 Kb8 40. Rh1 f5 41. Rb4 Nf6 42. dxe6 fxe6 43. Rb6 Re7 44. Re1 Rde8 45. a4 Nd5 46. Rb3 Nf4 47. Re5 Rh8 48. Ra5 Ka7 49. Rc5 Rd8 50. Kc2 Kb8 51. Ra5 Rc7+ 52. Rc3 Nd3 53. Be2 b6 54. Bxd3 Rxc3+ 55. bxc3 bxa5 56. Bxa6 Kc7 57. Bb5 Kb6 58. Bc4 Rd6 59. Bd3 Kc5 60. Kd2 Rb6 61. Ke3 Rb3 62. Kd2 Ra3 63. Bb5 Ra2+ 64. Ke3 Rc2 65. Kf4 Kd6 0-1

[Event "Rosenheim IM-A"]
[Site "Rosenheim"]
[Date "2025.05.25"]
[Round "1"]
[White "Bogdanov, Artyom"]
[Black "Mons, Leon"]
[Result "1/2-1/2"]
[WhiteElo "2370"]
[BlackElo "2472"]
[PlyCount "117"]
[EventDate "2025.05.25"]
[EventType "tourn"]
[EventRounds "9"]
[EventCountry "GER"]
[SourceTitle "CB23_2025"]
[SourceDate "2025.06.04"]
[SourceVersion "1"]
[SourceVersionDate "2025.06.04"]
[SourceQuality "1"]

1. e4 d5 2. exd5 Qxd5 3. Nc3 Qa5 4. Bc4 Nf6 5. d3 Bg4 6. f3 Bd7 7. Be3 e6 8. Nge2 c5 9. 0-0 Bd6 10. Qe1 Qc7 11. Qh4 Bc6 12. Nb5 Bxb5 13. Bxb5+ Nbd7 14. Bf4 0-0 15. Bxd7 Bxf4 16. Qxf4 Qxd7 17. Rad1 Rfd8 18. Rfe1 Nd5 19. Qc1 Nb4 20. a3 Nc6 21. c3 Qc7 22. Qe3 Rd5 23. c4 Re5 24. Qf2 Rd8 25. f4 Rf5 26. g4 Rf6 27. Qxc5 e5 28. f5 h5 29. Nc3 hxg4 30. Nd5 Qd6 31. Qxd6 Rfxd6 32. Kg2 f6 33. Kg3 Kf7 34. Kxg4 Ne7 35. Nxe7 Kxe7 36. Re3 Rd4+ 37. Kf3 Rxc4 38. Rg1 Rf4+ 39. Ke2 Kf8 40. Rh3 Kf7 41. Rhg3 Rg8 42. Rc1 Rxf5 43. Rc7+ Ke6 44. Rgxg7 Rxg7 45. Rxg7 Rh5 46. Rxb7 Rxh2+ 47. Ke3 f5 48. Kf3 f4 49. Rxa7 Rd2 50. Ra6+ Kf5 51. Rd6 Rxb2 52. Rd8 Ra2 53. Ra8 Ke6 54. Re8+ Kd6 55. Ra8 Rd2 56. Rd8+ Ke7 57. Rd5 Ke6 58. Rd8 Ra2 59. Ke4 1/2-1/2

[Event "Titled Tuesday intern op 06th May Early"]
[Site "Chess.com INT"]
[Date "2025.05.06"]
[Round "7"]
[White "Gelman, Alexander"]
[Black "Bogdanov, Artyom"]
[Result "1-0"]
[WhiteElo "2403"]
[BlackElo "2370"]
[PlyCount "121"]
[EventDate "2025.05.06"]
[EventType "swiss (blitz)"]
[EventRounds "11"]
[EventCountry "USA"]
[SourceTitle "CB20_2025"]
[SourceDate "2025.05.14"]
[SourceVersion "1"]
[SourceVersionDate "2025.05.14"]
[SourceQuality "1"]

1. d4 Nf6 2. Nc3 d5 3. Bf4 c6 4. f3 Nh5 5. Bg5 h6 6. Bh4 g5 7. Bf2 Bg7 8. g4 Nf4 9. h4 Na6 10. Qd2 Nc7 11. 0-0-0 e6 12. e3 Ng6 13. h5 Nf8 14. e4 Bd7 15. Nge2 Qe7 16. Kb1 0-0-0 17. Nc1 f5 18. Nb3 Kb8 19. a4 fxe4 20. fxe4 dxe4 21. Nxe4 Bc8 22. Bg3 e5 23. Qa5 Nfe6 24. Bxe5 Rd5 25. Qe1 Bxe5 26. dxe5 Rxe5 27. Bg2 Nf4 28. Bf3 Re8 29. Nbd2 Ncd5 30. Qf2 Qb4 31. Rhe1 a5 32. Kc1 Qxa4 33. Nb3 Rxe4 34. Bxe4 Rxe4 35. Rxe4 Qxe4 36. Kb1 Qb4 37. Rd4 Qb6 38. Qe1 Nb4 39. Qe5+ Qc7 40. Qh8 a4 41. Nc5 Nbd5 42. Nxa4 Ne6 43. Re4 Qg3 44. Rxe6 Qg1+ 45. Ka2 Qxg4 46. Re8 Qxa4+ 47. Kb1 Nb6 48. Qxh6 Qd4 49. Qxg5 Qd1+ 50. Ka2 Qxc2 51. Qe5+ Ka7 52. Qa5+ Kb8 53. Qxb6 Qh7 54. Qd8 Qf7+ 55. Ka1 Qf1+ 56. Ka2 Qc4+ 57. Ka3 Qa6+ 58. Kb3 Qb5+ 59. Kc3 Qc5+ 60. Kd3 Qf5+ 61. Ke3 1-0

[Event "Titled Tuesday intern op 01st Apr Early"]
[Site "Chess.com INT"]
[Date "2025.04.01"]
[Round "6"]
[White "Jimenez Salas, Maria Teresa"]
[Black "Bogdanov, Artyom"]
[Result "1-0"]
[WhiteElo "2071"]
[BlackElo "2373"]
[PlyCount "131"]
[EventDate "2025.04.01"]
[EventType "swiss (blitz)"]
[EventRounds "11"]
[EventCountry "USA"]
[SourceTitle "CB15_2025"]
[SourceDate "2025.04.09"]
[SourceVersion "1"]
[SourceVersionDate "2025.04.09"]
[SourceQuality "1"]

1. e4 c6 2. d4 d5 3. Nc3 dxe4 4. Nxe4 Bf5 5. Ng3 Bg6 6. h4 h6 7. Bd3 Bxd3 8. Qxd3 e6 9. Bd2 Nf6 10. 0-0-0 Nbd7 11. Kb1 Bd6 12. Ne4 Nxe4 13. Qxe4 Nf6 14. Qe2 Qc7 15. g3 0-0-0 16. Nf3 h5 17. c4 Rd7 18. Rhe1 Rhd8 19. c5 Bf8 20. Bf4 Qa5 21. Qe5 Qc7 22. Qxc7+ Rxc7 23. Bxc7 Kxc7 24. Ne5 Ng4 25. Nxg4 hxg4 26. Re4 Bxc5 27. Rxg4 g6 28. Rf4 f5 29. Kc2 Bb6 30. Kc3 c5 31. Rf3 cxd4+ 32. Kc2 e5 33. a4 Kd6 34. Rb3 Rc8+ 35. Kb1 Rc5 36. Rc1 Rd5 37. Rb5 d3 38. Rd1 e4 39. f3 Rxb5 40. axb5 Ke5 41. Kc1 Be3+ 42. Kb1 Kd4 43. fxe4 fxe4 44. g4 Bf4 45. Rf1 Ke3 46. h5 gxh5 47. gxh5 Bg5 48. Rg1 Bh6 49. Rg6 Ke2 50. Rxh6 d2 51. Rd6 d1Q+ 52. Rxd1 Kxd1 53. h6 e3 54. h7 e2 55. h8Q e1Q 56. Qd4+ Ke2+ 57. Kc2 Qf1 58. Qe4+ Kf2 59. Qxb7 Qc4+ 60. Kb1 Qd3+ 61. Ka2 Qc4+ 62. Ka3 Qc5+ 63. Ka4 Qc2+ 64. Ka5 Qxb2 65. Qxa7+ Kf3 66. Qf7+ 1-0

[Event "Titled Tuesday intern op 01st Apr Early"]
[Site "Chess.com INT"]
[Date "2025.04.01"]
[Round "2"]
[White "Rustemov, Alexander"]
[Black "Bogdanov, Artyom"]
[Result "1/2-1/2"]
[WhiteElo "2525"]
[BlackElo "2373"]
[PlyCount "126"]
[EventDate "2025.04.01"]
[EventType "swiss (blitz)"]
[EventRounds "11"]
[EventCountry "USA"]
[SourceTitle "CB15_2025"]
[SourceDate "2025.04.09"]
[SourceVersion "1"]
[SourceVersionDate "2025.04.09"]
[SourceQuality "1"]

1. d4 Nf6 2. c4 b6 3. Nf3 Bb7 4. g3 e6 5. Bg2 d5 6. cxd5 exd5 7. 0-0 Nbd7 8. Nc3 Bd6 9. Nb5 0-0 10. Nxd6 cxd6 11. Bf4 Ne4 12. Rc1 Ndf6 13. h3 Qd7 14. Nd2 Rac8 15. f3 Nxd2 16. Bxd2 Ba6 17. Re1 h6 18. g4 Rxc1 19. Qxc1 Rc8 20. Bc3 Ne8 21. Qd2 Nc7 22. Bb4 Ne6 23. e3 Bb5 24. Rc1 a5 25. Rxc8+ Qxc8 26. Bxd6 Ng5 27. b3 Qc6 28. Bf4 Ne6 29. Bg3 a4 30. Kh2 axb3 31. axb3 Ba6 32. e4 Qd7 33. e5 Qb5 34. Qe3 Qd3 35. Bf2 Qc2 36. f4 g5 37. fxg5 hxg5 38. Bxd5 Nf4 39. Be4 Bd3 40. Bf3 Bg6 41. Kg3 Nd3 42. d5 Nxf2 43. Qxf2 Qd3 44. Qxb6 Be4 45. Qf2 Qxd5 46. Bxe4 Qxe5+ 47. Kf3 Qf4+ 48. Ke2 Qxe4+ 49. Qe3 Qc2+ 50. Ke1 Qb1+ 51. Kf2 Qc2+ 52. Kg3 f6 53. Kf3 Kg7 54. Kg3 Qc7+ 55. Kf2 Qc2+ 56. Ke1 Qb1+ 57. Ke2 Qc2+ 58. Kf3 Qc6+ 59. Kf2 Qc2+ 60. Kg3 Qc7+ 61. Kg2 Qc2+ 62. Kf1 Qd1+ 63. Kf2 Qc2+ 1/2-1/2

[Event "World Schools U17"]
[Site "Vrnjacka Banja"]
[Date "2025.03.21"]
[Round "2"]
[White "Bogdanov, Artyom"]
[Black "Kazhmuratov, Altair"]
[Result "1-0"]
[WhiteElo "2373"]
[BlackElo "1971"]
[PlyCount "83"]
[EventDate "2025.03.20"]
[EventType "swiss"]
[EventRounds "9"]
[EventCountry "SRB"]
[SourceTitle "CB14_2025"]
[SourceDate "2024.11.01"]
[SourceVersion "1"]
[SourceVersionDate "2024.11.01"]
[SourceQuality "1"]

1. e4 c6 2. Nf3 d5 3. Nc3 g6 4. d4 dxe4 5. Nxe4 Bg7 6. Bc4 Nf6 7. Nxf6+ exf6 8. 0-0 0-0 9. Re1 Nd7 10. a4 c5 11. Bf4 Nb6 12. Bf1 Nd5 13. Bg3 cxd4 14. Qxd4 Be6 15. c3 f5 16. Be5 Bxe5 17. Qxe5 Qf6 18. Nd4 Qxe5 19. Rxe5 Nc7 20. Nxe6 fxe6 21. g3 Kf7 22. Bg2 Rfd8 23. Rc5 Na6 24. Rb5 Rab8 25. Rxb7+ Rxb7 26. Bxb7 Nc5 27. Bf3 Rd2 28. b4 Nd3 29. Bg2 Ke7 30. f4 Rc2 31. a5 Rxc3 32. b5 Rb3 33. b6 a6 34. Rd1 g5 35. fxg5 Nb2 36. Rb1 e5 37. Bf1 Rb4 38. Bxa6 e4 39. Be2 Kd6 40. a6 Kc6 41. b7 Kc7 42. Rc1+ 1-0

[Event "Titled Tuesday intern op 11th Feb Early"]
[Site "Chess.com INT"]
[Date "2025.02.11"]
[Round "1"]
[White "Bogdanov, Artyom"]
[Black "Lisjak, Zlatko"]
[Result "0-1"]
[WhiteElo "2358"]
[BlackElo "2209"]
[PlyCount "118"]
[EventDate "2025.02.11"]
[EventType "swiss (blitz)"]
[EventRounds "11"]
[EventCountry "USA"]
[SourceTitle "CB08_2025"]
[SourceDate "2025.02.19"]
[SourceVersion "1"]
[SourceVersionDate "2025.02.19"]
[SourceQuality "1"]

1. Nf3 Nf6 2. d4 d5 3. c3 Bf5 4. Qb3 Qc8 5. Bf4 e6 6. e3 Nbd7 7. Be2 h6 8. Nbd2 Bd6 9. Bxd6 cxd6 10. c4 0-0 11. 0-0 Qb8 12. Qa3 Nb6 13. cxd5 Nfxd5 14. Rfc1 Bh7 15. Bf1 a6 16. Qb3 Qa7 17. a4 a5 18. e4 Nb4 19. Rc7 Rac8 20. Rac1 Rxc7 21. Rxc7 Rc8 22. Qc3 Qb8 23. Rxc8+ Qxc8 24. Bb5 g5 25. Qxc8+ Nxc8 26. h3 Nb6 27. Kf1 Kf8 28. Ke2 Ke7 29. Ke3 f6 30. Ne1 d5 31. f3 e5 32. Nd3 Nc2+ 33. Kf2 Nxd4 34. b4 Nxb5 35. axb5 a4 36. Nc5 a3 37. Nxb7 a2 38. Nb3 dxe4 39. fxe4 Bxe4 40. N7c5 Bd5 41. Na1 e4 42. g3 Kd6 43. Ke3 Ke5 44. Nc2 Nc4+ 45. Ke2 Nb2 46. b6 Nd3 47. b7 Bxb7 48. Nxb7 Nxb4 49. Na1 f5 50. Nc5 f4 51. Na4 fxg3 52. Nc3 Kf4 53. Nb3 e3 54. Nd1 g2 55. Nxe3 g1Q 56. Nc2 Qg2+ 57. Ke1 Nxc2+ 58. Kd1 Ke3 59. Nc1 Qd2# 0-1

[Event "Titled Tuesday intern op 11th Feb Early"]
[Site "Chess.com INT"]
[Date "2025.02.11"]
[Round "9"]
[White "Rian, Kapriaga"]
[Black "Bogdanov, Artyom"]
[Result "0-1"]
[WhiteElo "2096"]
[BlackElo "2358"]
[PlyCount "66"]
[EventDate "2025.02.11"]
[EventType "swiss (blitz)"]
[EventRounds "11"]
[EventCountry "USA"]
[SourceTitle "CB08_2025"]
[SourceDate "2025.02.19"]
[SourceVersion "1"]
[SourceVersionDate "2025.02.19"]
[SourceQuality "1"]

1. d4 d5 2. Bf4 Nf6 3. e3 c6 4. Nd2 Bf5 5. Ngf3 e6 6. Be2 Nbd7 7. Ne5 Be7 8. g4 Be4 9. f3 Bg6 10. h4 h6 11. Nxg6 fxg6 12. Bd3 Nf8 13. Qe2 Bd6 14. Bxd6 Qxd6 15. f4 0-0-0 16. 0-0-0 c5 17. c3 cxd4 18. cxd4 Kb8 19. Kb1 Rc8 20. Rc1 Rxc1+ 21. Rxc1 g5 22. Nf3 Nxg4 23. Ne5 Nxe5 24. dxe5 Qd8 25. hxg5 hxg5 26. Qg4 Qe7 27. fxg5 Nd7 28. Qd4 Qxg5 29. Qc3 Qxe5 30. Qb3 Qxe3 31. Qb5 Rc8 32. Rxc8+ Kxc8 33. Bc2 Qg1+ 0-1

[Event "Titled Tuesday intern op 04th Feb Early"]
[Site "Chess.com INT"]
[Date "2025.02.04"]
[Round "5"]
[White "Bogdanov, Artyom"]
[Black "Amato, Leonel"]
[Result "1-0"]
[WhiteElo "2358"]
[BlackElo "2158"]
[PlyCount "63"]
[EventDate "2025.02.04"]
[EventType "swiss (blitz)"]
[EventRounds "11"]
[EventCountry "USA"]
[SourceTitle "CB07_2025"]
[SourceDate "2025.02.12"]
[SourceVersion "1"]
[SourceVersionDate "2025.02.12"]
[SourceQuality "1"]

1. Nf3 Nf6 2. d4 d5 3. c3 e6 4. Bf4 c6 5. e3 Ne4 6. Nbd2 f5 7. Nxe4 fxe4 8. Ne5 Qf6 9. h4 Be7 10. Bg5 Qf8 11. Bxe7 Qxe7 12. Qh5+ g6 13. Nxg6 Qf7 14. Nf4 Qxh5 15. Nxh5 Nd7 16. f4 exf3 17. gxf3 Ke7 18. Rg1 Rf8 19. Rg7+ Rf7 20. Rxf7+ Kxf7 21. Bd3 h6 22. Kf2 Nf6 23. Nxf6 Kxf6 24. Rg1 Bd7 25. Rg6+ Kf7 26. Rxh6 Rg8 27. Rh7+ Ke8 28. h5 b6 29. Bg6+ Kd8 30. Kg3 c5 31. Kf4 cxd4 32. cxd4 1-0